000 00623nam a2200229 i 4500
001 bg
100 1 _aDRUET, Czesław
245 1 0 _aElementy hydromechaniki geofizycznej /
_cCzesław Druet.
260 _aWarszawa :
_bWydaw. Naukowe PWN,
_c1995.
300 _a110, [1] s. :
_brys., wykr. ;
_c24 cm.
504 _aBibliogr. s. 108-[111].
650 9 _aHydrologia
650 9 _aHydromechanika
655 _aPodręczniki akademickie
020 _a8301118121
040 _cBPK
041 0 _apl
080 _a556.5:532](075.8)
920 _a83-01-11812-1
942 _cKS
008 s pl f |000 0 pol
999 _c30688
_d30688
856 _uhttp://koha.tu.koszalin.pl/cgi-bin/koha/opac-detail.pl?biblionumber=30688
_yKatalog online BPK